[Event "COL-ch sf"]
[Site "Pereira"]
[Date "2024.03.28"]
[Round "5"]
[White "Ayala Delgado, Sergio Alejandro"]
[Black "Llano Buritica, Eduardo"]
[Result "0-1"]
[WhiteElo "2089"]
[BlackElo "1948"]
[PlyCount "62"]
[EventDate "2024.03.26"]
[EventType "swiss"]
[EventRounds "11"]
[EventCountry "COL"]
[SourceTitle "CB14_2024"]
[SourceDate "2024.04.01"]
[SourceVersion "1"]
[SourceVersionDate "2024.04.01"]
[SourceQuality "1"]

1. d4 g6 2. e4 Bg7 3. Nf3 d6 4. h3 Nf6 5. Bd3 0-0 6. 0-0 Nbd7 7. c3 e5 8. Re1 Re8 9. d5 Nh5 10. b4 a5 11. Bg5 f6 12. Bd2 Nf4 13. Bb5 Re7 14. Nd4 exd4 15. Bxf4 dxc3 16. bxa5 f5 17. Bg5 c2 18. Qxc2 Bxa1 19. Bxe7 Qxe7 20. Qxc7 f4 21. a6 Bd4 22. axb7 Bxb7 23. Qxb7 Rxa2 24. Bxd7 Bxf2+ 25. Kh1 Bxe1 26. Be6+ Kf8 27. Qb3 Rf2 28. Qb8+ Kg7 29. Kg1 Rc2 30. Na3 Ra2 31. Qb3 Qa7+ 0-1

[Event "COL-ch sf"]
[Site "Pereira"]
[Date "2024.03.26"]
[Round "1"]
[White "Sanchez Riobo, Miguel Angel"]
[Black "Llano Buritica, Eduardo"]
[Result "0-1"]
[WhiteElo "1513"]
[BlackElo "1948"]
[PlyCount "68"]
[EventDate "2024.03.26"]
[EventType "swiss"]
[EventRounds "11"]
[EventCountry "COL"]
[SourceTitle "CB14_2024"]
[SourceDate "2024.04.01"]
[SourceVersion "1"]
[SourceVersionDate "2024.04.01"]
[SourceQuality "1"]

1. e4 g6 2. Nf3 Bg7 3. Bc4 a6 4. a4 d6 5. h3 Nf6 6. d3 0-0 7. 0-0 c5 8. Bg5 Nc6 9. Nbd2 h6 10. Bh4 g5 11. Bg3 g4 12. hxg4 Bxg4 13. Qe1 Nh5 14. Nh2 Nxg3 15. fxg3 Bh5 16. c3 Ne5 17. g4 Bg6 18. Kh1 e6 19. Qg3 d5 20. Bb3 dxe4 21. Nxe4 Qxd3 22. Nf6+ Bxf6 23. Qxd3 Nxd3 24. Rxf6 Kg7 25. Raf1 Nxb2 26. g5 hxg5 27. Ng4 c4 28. Ba2 b5 29. axb5 axb5 30. Bb1 Nd3 31. Bxd3 Bxd3 32. Re1 Bf5 33. Rxf5 exf5 34. Re5 fxg4 0-1